The Wal-Mart effect : (Record no. 1425)

000 -LEADER
fixed length control field 01497nam a22003857a 4500
001 - CONTROL NUMBER
control field 14163897
003 - CONTROL NUMBER IDENTIFIER
control field OSt
005 - DATE AND TIME OF LATEST TRANSACTION
control field 20210426065837.0
008 - FIXED-LENGTH DATA ELEMENTS--GENERAL INFORMATION
fixed length control field 051102s2006 nyu b 001 0 eng
010 ## - LIBRARY OF CONGRESS CONTROL NUMBER
LC control number 2005055522
020 ## - INTERNATIONAL STANDARD BOOK NUMBER
International Standard Book Number 1594200769
035 ## - SYSTEM CONTROL NUMBER
System control number (OCoLC)ocm62282449
040 ## - CATALOGING SOURCE
Original cataloging agency DLC
Transcribing agency DLC
Modifying agency IG#
-- BAKER
-- IXA
-- DLC
042 ## - AUTHENTICATION CODE
Authentication code pcc
043 ## - GEOGRAPHIC AREA CODE
Geographic area code n-us---
050 00 - LIBRARY OF CONGRESS CALL NUMBER
Classification number HF5429.215.U6
Item number F56 2006
080 ## - UNIVERSAL DECIMAL CLASSIFICATION NUMBER
Universal Decimal Classification number 65
Item number F-58
082 00 - DEWEY DECIMAL CLASSIFICATION NUMBER
Classification number 381/.1490973
Edition number 22
100 1# - MAIN ENTRY--PERSONAL NAME
Personal name Fishman, Charles,
245 14 - TITLE STATEMENT
Title The Wal-Mart effect :
Remainder of title how the world's most powerful company really works-- and how it's transforming the American economy /
Statement of responsibility, etc. Charles Fishman.
246 3# - VARYING FORM OF TITLE
Title proper/short title Walmart effect
260 ## - PUBLICATION, DISTRIBUTION, ETC.
Place of publication, distribution, etc. New York :
Name of publisher, distributor, etc. Penguin Press,
Date of publication, distribution, etc. 2006.
300 ## - PHYSICAL DESCRIPTION
Extent 294 p. ;
Dimensions 25 cm.
365 ## - TRADE PRICE
Price type code 25.95 USD
504 ## - BIBLIOGRAPHY, ETC. NOTE
Bibliography, etc. note Includes bibliographical references (p. 263-283) and index.
610 20 - SUBJECT ADDED ENTRY--CORPORATE NAME
Corporate name or jurisdiction name as entry element Wal-Mart (Firm)
650 #0 - SUBJECT ADDED ENTRY--TOPICAL TERM
Topical term or geographic name entry element Discount houses (Retail trade)
Geographic subdivision United States
General subdivision Management.
653 ## - INDEX TERM--UNCONTROLLED
Uncontrolled term ბიზნესი
700 ## - ADDED ENTRY--PERSONAL NAME
9 (RLIN) 908
Personal name Fishman.Charles
856 42 - ELECTRONIC LOCATION AND ACCESS
Materials specified Contributor biographical information
Uniform Resource Identifier <a href="http://www.loc.gov/catdir/enhancements/fy0721/2005055522-b.html">http://www.loc.gov/catdir/enhancements/fy0721/2005055522-b.html</a>
856 42 - ELECTRONIC LOCATION AND ACCESS
Materials specified Publisher description
Uniform Resource Identifier <a href="http://www.loc.gov/catdir/enhancements/fy0721/2005055522-d.html">http://www.loc.gov/catdir/enhancements/fy0721/2005055522-d.html</a>
906 ## - LOCAL DATA ELEMENT F, LDF (RLIN)
a 7
b cbc
c orignew
d 1
e ocip
f 20
g y-gencatlg
942 ## - ADDED ENTRY ELEMENTS (KOHA)
Source of classification or shelving scheme
Koha item type Books
Holdings
Withdrawn status Lost status Source of classification or shelving scheme Damaged status Not for loan Permanent location Current location Date acquired Inventory number Total Checkouts Full call number Barcode Date last seen Price effective from Koha item type
          Ken Walker International University Ken Walker International University 02/16/2021 1275   65 F-58 1275 02/16/2021 02/16/2021 Books

Powered by Koha